Nemôžem súhlasiť s hodnotením... [inc.]

Bibliographic Details
Main Authors: Šikula, Bystrík, 1956- (Author), Halvoník, Alexander, 1945- (Author)
Format: Article
Language:Slovak
PhysicalDescription:Fotogr. 1
ISSN:1335-180X
Subjects:

MARC

LEADER 00000nab a2200000 a 4500
001 vtls000590957
003 SK-MaSNL
005 20260304084206.0
008 250425c1996 xo 0 slo
015 |a SNBRB19rr/mm-uuuuu 
035 |a CL0591096 
035 |a urn:nbn:sk:snk-ab7e3z 
035 |a (uuid)59ec2abc-616d-4288-a278-5058ac654de7 
035 |a (urnnbn)urn:nbn:sk:snk:ar-a07wlh 
035 |a (sysno)vtls000590957 
040 |a SNKBUCL  |b slo  |c SNKBUCL  |e AACR2 
041 0 |a slo 
044 |a xo  |c SK 
080 |a 82.09:885.4-3  |2 1981 
080 |a 885.4-3.09  |2 1981 
100 1 |a Šikula, Bystrík,  |d 1956-  |4 aut  |9 13321 
245 1 0 |a Nemôžem súhlasiť s hodnotením... [inc.]  |c Bystrík Šikula 
300 |b Fotogr. 1 
650 0 7 |a slovenská próza  |2 snkbucl  |9 1206 
655 7 |a články z novín a časopisov  |2 snkbucl  |9 267496 
655 7 |a články z odboru literárna veda a krásna literatúra  |2 snkbucl  |9 770045 
700 1 |a Halvoník, Alexander,  |d 1945-  |4 aut  |9 103645 
773 0 |t Literika  |g Roč. 1, č. 1 (1996), s. 45  |x 1335-180X 
850 |a Slovenská národná knižnica 
852 |a Slovenská národná knižnica 
954 |a odborná, vedecká literatúra pôvodná (slovenská)  |2 lita 
958 |a article27 
958 |a RK 
958 |a LX 
958 |a SK 
958 |a OND 
958 |a EUIPO 
992 |a RBX 
999 |c 2802313  |d 2804243